banner koha

Polo de excelência do café: (Registro n. 260113)

MARC details
000 -LÍDER
Campo de controle fixo 00668nam a22002537a 4500
003 - CÓDIGO MARC DA AGÊNCIA CATALOGADORA
Campo de controle BR-BrBNA
005 - DATA E HORA DA ÚLTIMA ATUALIZAÇÃO
Campo de controle 20231219144437.0
008 - CAMPO DE TAMANHO FIXO
Campo fixo de controle 231219b bl.||||| |||| 00| 0 por d
020 ## - ISBN - INTERNATIONAL STANDARD BOOK NUMBER
ISBN 9788568956007
040 ## - FONTE DA CATALOGAÇÃO
Agência catalogadora BR-BrBNA
Idioma da catalogação por
041 ## - CÓDIGO DO IDIOMA
Código do Idioma por
072 ## - CATEGORIA DE CLASSIFICAÇÃO
Código da categoria de assunto C11
100 ## - ENTRADA PRINCIPAL - NOME PESSOAL
Nome pessoal Aguiar, Cibele.
245 ## - TÍTULO PRINCIPAL
Título principal Polo de excelência do café:
Subtítulo a inovação de uma trajetória /
250 ## - EDIÇÃO
Edição 1. ed.
260 ## - IMPRENTA (PUBLICAÇÃO, DISTRIBUIÇÃO, ETC.)
Lugar de publicação, distribuição, etc. Minas Gerais - MG:
Nome do editor, distribuidor, etc. Alternativa Comunicação Integrada,
Data de publicação, distribuição, etc 2014
300 ## - DESCRIÇÃO FÍSICA
Extensão 132 p.
650 ## - ASSUNTO
Cabeçalho tópico ou nome geográfico CAFÉ
650 ## - ASSUNTO
Cabeçalho tópico ou nome geográfico AGROINDUSTRIA
650 ## - ASSUNTO
Cabeçalho tópico ou nome geográfico ECONOMIA
909 ## - IDENTIFICAÇÃO DO CATALOGADOR
Ano e mês da catalogação (aaaamm) 12/2023
Identificação do catalogador Sarah
942 ## - TIPO ESPECÍFICO
Tipo de material Livros
Exemplares
Status de empréstimo Fonte de classificação Status de danificação Não pode ser emprestado Código da coleção Localização permanente Localização atual Localização na estante Total Checkouts Número de chamada Código de barras Date last seen Tipo de material Perdido Data de aquisição Fonte de aquisição Qualificador de localização codificada Preço Número de inventário Preço para reposição Preço efetivo a partir de
  Classificação AGRIS     Acervo Cultural Espaço Ceres - QVT/MAPA Espaço Ceres - QVT/MAPA Acervo Cultural   C11 BS2023000410 2023-437440 19/12/2023 Livros                

BINAGRI

Telefone: (61)3218-2567/2388/3357/2097 - binagri@agro.gov.br

Ministério da Agricultura e Pecuária , Esplanada dos Ministérios, Bloco D, Anexo B, Brasília/DF, CEP: 70.043-900